Fundamentals of high altitude biology (Record no. 28636)

MARC details
000 -LEADER
fixed length control field 00433nam a2200157Ia 4500
082 ## - DEWEY DECIMAL CLASSIFICATION NUMBER
Classification number 581.5
Item number MANI
100 ## - MAIN ENTRY--AUTHOR NAME
Personal name MANI, M S
245 #0 - TITLE STATEMENT
Title Fundamentals of high altitude biology
260 ## - PUBLICATION, DISTRIBUTION, ETC. (IMPRINT)
Place of publication New Delhi
Name of publisher Oxford & IBH
Year of publication 1974
650 ## - SUBJECT ADDED ENTRY--TOPICAL TERM
Topical Term High altitude animal
650 ## - SUBJECT ADDED ENTRY--TOPICAL TERM
Topical Term High altitude environment
650 ## - SUBJECT ADDED ENTRY--TOPICAL TERM
Topical Term High altitude insect
650 ## - SUBJECT ADDED ENTRY--TOPICAL TERM
Topical Term High altitude plant
942 ## - ADDED ENTRY ELEMENTS (KOHA)
Koha item type Books
Holdings
Withdrawn status Lost status Damaged status Not for loan Home library Current library Date acquired Full call number Accession Number Koha item type
        RRII Library RRII Library 16/12/2021 581.5 MANI 09231 Books